ბათუმის შოთა რუსთაველის სახელმწიფო უნივერსიტეტის ბიბლიოთეკა

Тексттипологическая интерпретация жанра «анекдот» (на материале английского, его американского варианта и грузинского языков) / (ბიბ.ჩანაწერი № 52000)

000 -ლიდერი
ფიქსირებული სიგრძის საკონტროლო ველი 01281nam a2200241Ia 4500
001 - საკონტროლო ნომერი
საკონტროლო ველი 19004
003 - საკონტროლო ნომრის იდენტიფიკატორი
საკონტროლო ველი GE_BSU
005 - ბოლო ოპერაციის თარიღი და დრო
საკონტროლო ველი 20210427122949.0
008 - ფიქსირებული სიგრძის მონაცემთა ელემენტები - ზოგადი ინფორმაცია
ფიქსირებული სიგრძის საკონტროლო ველი 181216s||||||||xx |||||||||||||| ||und||
040 ## - კატალოგიზაციის წყარო
Transcribing agency GE_BSU
041 ## - ენის კოდი
Language code of text/sound track or separate title geo
080 ## - უნივერსალური ათობითი კლასიფიკაციის ინდექსი
Universal Decimal Classification number 81 Д-44
100 ## - მთავარი ჩანაწერი - პიროვნების სახელი
Personal name Диасамидзе, Лейла
9 (RLIN) 11645
245 ## - ცნობა სათაურის შესახებ
Title Тексттипологическая интерпретация жанра «анекдот» (на материале английского, его американского варианта и грузинского языков) /
Statement of responsibility, etc Лейла Диасамидзе; Научный руководитель Давид Гоциридзе; Батумский гос. унивеситет.
264 ## - წარმოების, გამოცემის, დისტრიბუციის და სხვა ცნობები
გამოცემის, წარმოების, დისტრიბუციის... ადგილი Батуми,
გამოცემის, წარმოების, დისტრიბუციის... თარიღი 2012.
300 ## - ფიზიკური აღწერა
Extent 144 стр. ;
Other physical details 30 см.
653 ## - INDEX TERM--UNCONTROLLED
Uncontrolled term Диссертация
653 ## - INDEX TERM--UNCONTROLLED
Uncontrolled term Тексттипологическая интерпретация жанра «анекдот» (на материале английского, его американского варианта и грузинского языков)
653 ## - INDEX TERM--UNCONTROLLED
Uncontrolled term Языкознание
653 ## - INDEX TERM--UNCONTROLLED
Uncontrolled term დისერტაცია
700 ## - ADDED ENTRY--PERSONAL NAME
Personal name Гоциридзе, Давид
Relator term Научный руководитель
9 (RLIN) 11646
942 ## - ADDED ENTRY ELEMENTS (KOHA)
Koha item type წიგნი
Source of classification or shelving scheme
ეგზემპლარები
ჩამოწერის სტატუსი დაკარგული ეგზემპლარის სტატუსი კლასიფიკაციის წყარო ან თაროზე გაწყობის სქემა დაზიანების სტატუსი არ გაიცემა მუდმივი მდებარეობა (დაცვის ადგილი) ამჟამინდელი ადგილსამყოფელი შეძენის თარიღი სრული შენახვის შიფრი შტრიხკოდი ბოლო ოპერაციის თარიღი ეგზემპლარის მიმდევრობითი ნომერი (კეტერი?) ფასის ძალაში შესვლის თარიღი ეგზემპლარის სახეობა
        შიდა ფონდი ბათუმის შოთა რუსთაველის სახელმწიფო უნივერსიტეტის მთავარი ბიბლიოთეკა ბათუმის შოთა რუსთაველის სახელმწიფო უნივერსიტეტის მთავარი ბიბლიოთეკა 2018-12-17 81 Д-44 118 დისერტ. 2018-12-17 118 2018-12-17 დისერტაცია